Nghề lâm sinh

Nội dung sách trình bày khái quát một số nét về sinh thái rừng, quy trình kỹ thuật cơ bản về trồng rừng, nuôi dưỡng rừng trồng và rừng tự nhiên nghèo kiệt, các loại rừng phòng hộ các trồng và chăm sóc....

Disgrifiad llawn

Wedi'i Gadw mewn:
Manylion Llyfryddiaeth
Prif Awdur: Đỗ, Nguyên Ban
Fformat: Llyfr
Iaith:Undetermined
Cyhoeddwyd: Hà Nội Giáo dục 2001
Pynciau:
Tagiau: Ychwanegu Tag
Dim Tagiau, Byddwch y cyntaf i dagio'r cofnod hwn!
Thư viện lưu trữ: Trung tâm Học liệu Trường Đại học Cần Thơ
LEADER 00828nam a2200193Ia 4500
001 CTU_142100
008 210402s9999 xx 000 0 und d
082 |a 634.9 
082 |b B105 
100 |a Đỗ, Nguyên Ban 
245 0 |a Nghề lâm sinh 
245 0 |c Đỗ Nguyên Ban 
260 |a Hà Nội 
260 |b Giáo dục 
260 |c 2001 
520 |a Nội dung sách trình bày khái quát một số nét về sinh thái rừng, quy trình kỹ thuật cơ bản về trồng rừng, nuôi dưỡng rừng trồng và rừng tự nhiên nghèo kiệt, các loại rừng phòng hộ các trồng và chăm sóc. 
650 |a Forests and forestry,Lâm sinh 
904 |i Tuyến 
980 |a Trung tâm Học liệu Trường Đại học Cần Thơ